[Event "Santiago Endesa 14"]
[Site "Santiago de Chile"]
[Date "2009.07.08"]
[Round "4"]
[White "Correa Karutz, Rodrigo"]
[Black "Jofre, Samuel"]
[Result "1-0"]
[WhiteElo "1567"]
[BlackElo "1960"]
[PlyCount "50"]
[EventDate "2009.07.01"]
[EventType "tourn"]
[EventRounds "11"]
[EventCountry "CHI"]
[SourceTitle "EXT 2012"]
[Source "ChessBase"]
[SourceDate "2011.11.24"]
[SourceVersion "1"]
[SourceVersionDate "2011.11.24"]
[SourceQuality "1"]

1. d4 Nf6 2. c4 e5 3. Nc3 exd4 4. Qxd4 Nc6 5. Qd1 Bc5 6. e3 d6 7. Be2 Bf5 8. Bd3 Bxd3 9. Qxd3 Ne5 10. Qe2 Qd7 11. h3 Bb4 12. Bd2 Qc6 13. Nf3 Nxc4 14. 0-0 Nxd2 15. Nxd2 0-0 16. Rac1 Qd7 17. Qc4 Ba5 18. Nde4 Nxe4 19. Qxe4 c6 20. Ne2 Rfe8 21. Qd4 d5 22. Nf4 Re4 23. Qc5 Bb6 24. Qc2 g5 25. Nh5 Bc7 1-0